| 000 | 00594nam a2200241Ia 4500 | ||
|---|---|---|---|
| 003 | OSt | ||
| 005 | 20240205052354.0 | ||
| 008 | 210327s9999||||xx |||||||||||||| ||und|| | ||
| 040 | _cSTCPL | ||
| 041 | _aENG | ||
| 082 |
_a920.71 _bMAN-F |
||
| 100 | _aManiam, V. S. | ||
| 245 | 0 |
_aFranklin roosevelt : _bA short biography / _cby V. S. Maniam |
|
| 260 |
_aNew Delhi : _bS. Chand and Co. , |
||
| 300 |
_a132 p. _bHB |
||
| 650 | _aPolio | ||
| 650 | _aGovernor | ||
| 650 | _aA third term | ||
| 650 | _aArsenal of democracy | ||
| 650 | _aOne last election | ||
| 942 | _cBK | ||
| 942 | _2ddc | ||
| 999 |
_c12410 _d12410 |
||